Komparace teplárenských koncepcí států střední Evropy
Teplárenstvo je v súčasnosti nevyhnutnou súčasťou európskej energetiky. Každý štát pristupuje k zabezpečeniu tepla pre svojich občanov odlišne aj keď v rámci EÚ prebiehajú snahy o unifikáciu. Porovnanie teplárenských koncepcií jednotlivých krajín (centrálne zásobovanie teplom, cenová politika). Stru...
Salvato in:
| Autore principale: | |
|---|---|
| Natura: | Capitolo di libro |
| Lingua: | ceco |
| Soggetti: | |
| Tags: |
Nessun Tag, puoi essere il primo ad aggiungerne!!
|
MARC
| LEADER | 00000naa a2200000 4500 | ||
|---|---|---|---|
| 001 | 0236227 | ||
| 005 | 20221104112245.3 | ||
| 041 | 0 | |a cze | |
| 044 | |a CZ | ||
| 245 | 1 | 0 | |a Komparace teplárenských koncepcí států střední Evropy |c Simon Dytrych |
| 520 | |a Teplárenstvo je v súčasnosti nevyhnutnou súčasťou európskej energetiky. Každý štát pristupuje k zabezpečeniu tepla pre svojich občanov odlišne aj keď v rámci EÚ prebiehajú snahy o unifikáciu. Porovnanie teplárenských koncepcií jednotlivých krajín (centrálne zásobovanie teplom, cenová politika). Stručný rozvoj teplárenstva. | ||
| 610 | 2 | 0 | |a stredná Európa |
| 610 | 2 | 0 | |a Maďarsko |
| 610 | 2 | 0 | |a Slovensko |
| 610 | 2 | 0 | |a Česko |
| 610 | 2 | 0 | |a Nemecko |
| 610 | 2 | 0 | |a Poľsko |
| 610 | 2 | 0 | |a teplo |
| 610 | 2 | 0 | |a energetika |
| 610 | 2 | 0 | |a politika cenová |
| 610 | 2 | 0 | |a energia tepelná |
| 100 | 1 | |a Dytrych, Simon | |